02110cam a2200337 a 45000010009000000050017000090080041000260100017000670150019000840160018001030200028001210200031001490350023001800400047002030430021002500500029002710820025003001000023003252450102003482600062004503000059005125040068005715050748006396000055013876100053014426100041014956100051015366500045015876500057016328560083016891448648820170105102841.0060808s2007 ctuabf b 001 0ceng  a 2006026012 aGBA6718272bnb7 a0135367352Uk a0275991857 (alk. paper) a9780275991852 (alk. paper) a(OCoLC)ocm70867069 aDLCcDLCdUKMdBAKERdC#PdYDXCPdIXAdDLC ae-gx---ae-fr---00aD757.56 Nr. 7b.M57 200700a940.54/2140922432221 aMitcham, Samuel W.10aRommel's lieutenants :bthe men who served the Desert Fox, France, 1940 /cSamuel W. Mitcham, Jr. aWestport, Conn. :bPraeger Security International,c2007. axiv, 202 p., [21] p. of plates :bill., maps ;c25 cm. aIncludes bibliographical references (p. [189]-191) and indexes.0 aThe sources of Rommel's officers -- Karl Rothenburg: hero of two wars -- Rudolf Sieckenius: the scapegoat -- Karl August Hanke: Nazi politician .. 53 -- Joachim von Metzsch: the supply officer -- Dr. Wilhelm Baumeister: the medical officer -- Hans von Luck: the charming aristocrat -- Joachim Ziegler: the SS general -- Gottfried Froelich: the Saxon gunner -- Georg von Bismarck: the Prussian junker -- Friedrich Fuerst: the second in command -- Friedrich-Carl von Steinkeller: the motorcycle commander -- Hans Joachim von Kronhelm: the heavy artillery commander -- Eduard Crasemann: the war criminal -- Frido von Senger und Etterlin: the snobbish aristocratic -- Otto Heidkaemper: the chief of staff -- Johann Mickl: the Austrian mountaineer.10aRommel, Erwin,d1891-1944xFriends and associates.10aGermany.bHeer.bPanzer-Division, 7.vBiography.10aGermany.bHeerxOfficersvBiography.10aGermany.bHeer.bPanzer-Division, 7.xHistory. 0aWorld War, 1939-1945xCampaignszFrance. 0aWorld War, 1939-1945xRegimental historieszGermany.413Table of contents onlyuhttp://www.loc.gov/catdir/toc/ecip0618/2006026012.html